Super techniques Inazuma Eleven par images #3 - Statistiques

Statistiques générales
  • Ce quiz a été pris 987 fois
  • Le résultat moyen est 8 sur 15
Statistiques - réponses
Par images Hint Réponse % Correct
Raimon Tornade de feu
100%
Raimon Main magique
88%
Royal Academy Ballon illusoire
87%
Zeus Instant céleste
86%
Orphée Manchot empereur n°3
74%
Raimon Tête explosive
66%
Terria Muraille infinie
51%
Dark Team La Fin
43%
Raimon Volcan circulaire
43%
Raimon Tourbillon
42%
Chaos Blizzard enflammé
41%
Epsilon Rayon Ganymède
38%
Otaku Confusion
30%
Wild Saut de Tarzan
23%
Services secrets File indienne
13%
Aucun quiz correspondant
Distribution des résultats
% des personnes avec chaque résultat
Percentile par nombre de réponses
Votre historique - résultats
Vous n’avez pas pris ce quiz